Τι είναι ο άνθρωπος; : η βιολογία συνομιλεί με τη φιλοσοφία
Αποθηκεύτηκε σε:
| Κύριος συγγραφέας: | |
|---|---|
| Άλλοι συγγραφείς: | |
| Μορφή: | Βιβλίο |
| Γλώσσα: | Greek French |
| Δημοσίευση: |
Αθήνα :
Κριτική,
c2005
|
| Σειρά: | Κύματα ;
; 10 |
| Θέματα: | |
| Ετικέτες: |
Προσθήκη ετικέτας
Δεν υπάρχουν, Καταχωρήστε ετικέτα πρώτοι!
|
MARC
| LEADER | 00000nam a2200000 i 4500 | ||
|---|---|---|---|
| 001 | 1/96229 | ||
| 008 | 081030s2005 gre d | ||
| 020 | |a 960-218-411-6 | ||
| 035 | |l 10101254 | ||
| 040 | |a GR-MY-UA |b gre |e aacr | ||
| 041 | 1 | |a gre |h fre | |
| 082 | 0 | |a 570.1 |2 (22) | |
| 100 | 1 | |a Ferry, Luc. | |
| 245 | 1 | 0 | |a Τι είναι ο άνθρωπος; : |b η βιολογία συνομιλεί με τη φιλοσοφία / |c Luc Ferry, Jean-Didier Vincent ; μετάφραση: Αναστασία Καραστάθη, Φώτης Σιατίτσας |
| 260 | |a Αθήνα : |b Κριτική, |c c2005 | ||
| 300 | |a 345 σ.; |c 21 εκ. | ||
| 490 | 1 | |a Κύματα |v ; 10 | |
| 500 | |a Μετάφραση του: Qu'est-ce que l'homme? | ||
| 650 | 0 | 0 | |a Philosophy and science. |
| 650 | 0 | 0 | |a Biology |x Philosophy. |
| 650 | 0 | 0 | |a Ethics, Evolutionary. |
| 650 | 0 | 0 | |a Philosophical anthropology. |
| 650 | 0 | 0 | |a Anthropology |x Philosophy. |
| 700 | 1 | |a Vincent, Jean Didier. | |
| 830 | 0 | |a Κύματα ; |v ; 10 | |
| 852 | |a INST |b SYROS |e 20081030 |h 570.1 FER |p 005500008967 |q 005500008967 |t BK |y 0 | ||
| 901 | |a BIBL5-2008-3 | ||
| 909 | |a Ε |b 141416 | ||
| 922 | |a 5ΕΛΗ |b 200711 |c ΕΠΕΑΕΚ2/ΤΜΣΠΣ |d Σ. ΠΑΤΑΚΗΣ | ||
| 970 | |a ΚΑΓΙΑΒΑ |b ΕΙΡΗΝΗ |z 2008/10/30 | ||